Language Quiz

Random Language or Country Quiz

Find the Answers in the Country Names (2) Quiz Stats

 Plays Quiz not verified by Sporcle

Score 0/48 Timer 16:00
0 Plays Today
Clue Country whose name contains the answer % Correct
Frozen waterICEland
97.1%
Boxer, Muhammad ___mALI...
74.5%
'My ____ Is Earl'SuriNAME
65%
Used to open a lockTurKEY
63.5%
Friend, matenePAL...
63.5%
Inhabitant of the capital city of ItalyROMANia
57.7%
To perform a songSINGapore
54.7%
CrazyMADagascar
54%
Slang word for nothing (orig. Spanish)caNADA...
53.3%
L.A. ___/___ and OrderMaLAWi
53.3%
Grain, usu. barley, used in brewing/____ liquorMALTa
53.3%
NumerousGerMANY
51.8%
Not privateDemocratic rePUBLIC of the Congo...
51.1%
Earnestness or fervour in advancing a causeNew ZEALand
47.4%
Spanish and portuguese word meaning 'black'MonteNEGRO
41.6%
Female Irish singerkENYA
40.9%
Point scored in Baseball or CricketbRUNei...
40.9%
King of Israel known for his wisdomSOLOMON Islands
40.9%
Beer mug (orig. German)LiechtenSTEIN
40.1%
Heavy medieval club with a spiked metal headMACEdonia
39.4%
Defer action or departurekuWAIT
39.4%
Kitchen appliance used for cookingslOVENia
39.4%
Boxing or wrestling matchdjiBOUTi
37.2%
Suffering or distress of body or mindsPAIN
35.8%
Clue Country whose name contains the answer % Correct
Sleeveless cloakCAPE verde
34.3%
Old British coin, worth twenty-one shillingsGUINEA...
33.6%
Gentleman, abbr.ArGENTina
30.7%
Crude or makeshift dwelling or shelter, shack.bHUTan
29.9%
Paul ____, singer who wrote 'My Way'Sri lANKA
28.5%
Militant Palestinian Islamist organisationBaHAMAS
28.5%
Relating to, or located in the interior part of a country or regionfINLAND
25.5%
Short skirt or small cardoMINIca...
25.5%
Sharp point projecting in an opposite direction from the main point of a fishhook, arrow, etcBARBados...
25.5%
Syrup made from pomegranatesSt. Vincent and the GRENADINEs
24.8%
Volatile liquid produced by action of acids on alcoholnETHERlands
24.1%
Extinct ostrich like bird of New ZealandsaMOA
22.6%
Official in charge of ceremonies or a military officerMARSHALl Islands
21.9%
Extremely angry, enragedUnited Arab EmIRATEs
21.2%
A rugged range of mountains having an irregular or jagged profileSIERRA leone
19.7%
Eve was created from Adam'skiRIBati
16.8%
Completed, cooked, overInDONEsia
16.8%
Famous 'Born Free' LionessEL SAlvador
11.7%
'The Trail of the Lonesome ____'PhilipPINEs
11.7%
Expressing pleasure, happyBanGLADesh
10.2%
Female Punk singer, ____ BondageuzBEKIstan
5.8%
Great renown/80's film & TV seriesUnited States oF AMErica
5.8%
Unkind or miserlySao toME ANd Principe
5.8%
Currency of Iran, Oman & YemenEquatoRIAL Guinea
3.6%

You're not logged in!

Compare scores with friends on all Sporcle quizzes.
OR
Log In

Show Comments

Extras

Created Dec 23, 2010ReportNominate
Tags:Country Quiz, extra

Top Quizzes Today


Score Distribution

Your Account Isn't Verified!

In order to create a playlist on Sporcle, you need to verify the email address you used during registration. Go to your Sporcle Settings to finish the process.

Report this User

Report this user for behavior that violates our Community Guidelines.

Details: